000
00222 a2200097 4500
001
55340
100
_a
245
_a
Tell me how book 2; Ma'am
260
_a
New delhi
_b
Blackie & son
_c
2005
090
_c
34329
_d
34329
942
_a
NUST-CAE
_c
MONOGRAPH
_c
27035
999
_c
290413
_d
290413